| 000 | 00690nam a2200217Ia 4500 | ||
|---|---|---|---|
| 005 | 20250508163834.0 | ||
| 008 | 008 250505s9999 xx 000 0 eng d | ||
| 020 | _a0-335-20487-2 | ||
| 037 | _aTextual | ||
| 040 |
_aFEDL _beng _cFEDL |
||
| 041 |
_aeng _2eng |
||
| 084 |
_a378.101, BAR _qFEDL |
||
| 100 |
_aBargh Catherine (et.al) _9776509 |
||
| 245 | 0 | _aUniversity Leadership:The role of the chief executive | |
| 260 |
_aBuckingham, UK _bSociety for Research into Higher Education (SRHE) and Open University Press _c2000 |
||
| 300 | _aviii,175p | ||
| 365 |
_aGBP _b19.99 |
||
| 650 | _aHigher education | ||
| 942 |
_cTEXL _h378.101, BAR |
||
| 999 |
_c1385542 _d1385542 |
||